[Event "Canadian op"]
[Site "Montreal"]
[Date "2008.07.26"]
[Round "8"]
[White "Yap, Nicolas A"]
[Black "Masse, Hugues"]
[Result "1-0"]
[WhiteElo "2279"]
[BlackElo "2196"]
[PlyCount "101"]
[EventDate "2008.07.19"]
[EventType "swiss"]
[EventRounds "9"]
[EventCountry "CAN"]
[SourceTitle "EXT 2009"]
[Source "ChessBase"]
[SourceDate "2008.11.26"]
[SourceVersion "1"]
[SourceVersionDate "2008.11.26"]
[SourceQuality "1"]

1. d4 Nf6 2. c4 g6 3. Nc3 d5 4. cxd5 Nxd5 5. e4 Nxc3 6. bxc3 Bg7 7. Nf3 c5 8. Rb1 0-0 9. Be3 cxd4 10. cxd4 Qa5+ 11. Qd2 Qxd2+ 12. Kxd2 Rd8 13. Bd3 b6 14. h3 Ba6 15. Bxa6 Nxa6 16. Ke2 Rac8 17. Rhc1 e6 18. g4 Nb8 19. Bg5 f6 20. Be3 Nd7 21. Nd2 e5 22. d5 Bf8 23. f3 Kf7 24. Nc4 Nc5 25. g5 Nd7 26. gxf6 Kxf6 27. Rc2 Bc5 28. Rbc1 h5 29. a4 Bxe3 30. Nxe3 Rc5 31. Rxc5 bxc5 32. Rb1 Rb8 33. Rxb8 Nxb8 34. Nc4 Nd7 35. Kf2 Kg5 36. Kg3 h4+ 37. Kf2 Kf4 38. a5 Kg5 39. Ke3 Kf6 40. Nd6 a6 41. Nc8 g5 42. Kd3 Nf8 43. Kc4 Ng6 44. Kxc5 Nf4 45. d6 Ke6 46. Kc6 Ne2 47. Kc7 Nd4 48. Na7 Kf7 49. d7 Ne6+ 50. Kd6 Nd8 51. Nc6 1-0

[Event "Canadian op"]
[Site "Montreal"]
[Date "2008.07.22"]
[Round "4"]
[White "Doubleday, William G"]
[Black "Yap, Nicolas A"]
[Result "1-0"]
[WhiteElo "2125"]
[BlackElo "2279"]
[PlyCount "113"]
[EventDate "2008.07.19"]
[EventType "swiss"]
[EventRounds "9"]
[EventCountry "CAN"]
[SourceTitle "EXT 2009"]
[Source "ChessBase"]
[SourceDate "2008.11.26"]
[SourceVersion "1"]
[SourceVersionDate "2008.11.26"]
[SourceQuality "1"]

1. d4 Nf6 2. c4 e6 3. Nc3 Bb4 4. e3 0-0 5. Nge2 d5 6. a3 Bd6 7. Ng3 c6 8. Bd3 Re8 9. 0-0 Nbd7 10. e4 dxc4 11. Bxc4 Nb6 12. Bb3 e5 13. f3 exd4 14. Qxd4 Qe7 15. Qf2 Be6 16. Bxe6 Qxe6 17. Qc2 Rad8 18. b3 Nbd7 19. Be3 a6 20. Bf2 b5 21. Nf5 Bc5 22. Rad1 g6 23. Nd4 Bxd4 24. Bxd4 c5 25. Bf2 Rc8 26. Nd5 c4 27. bxc4 Rxc4 28. Qb3 Nxd5 29. exd5 Qd6 30. Bg3 Qf6 31. Rfe1 Rec8 32. Qe3 h5 33. h4 Rc2 34. Rd3 Ra2 35. Rd2 Rxd2 36. Qxd2 Qf5 37. d6 Nb8 38. Qd4 Nd7 39. Kh2 Rd8 40. Re2 Nf8 41. Qb6 Rc8 42. Qb7 Rd8 43. Qxa6 g5 44. Qb6 gxh4 45. Bxh4 Ra8 46. Qe3 Ra4 47. Qg5+ Qxg5 48. Bxg5 Rd4 49. Rb2 Rxd6 50. Rxb5 Ne6 51. Be7 Rd1 52. Bb4 h4 53. Rh5 Kg7 54. Rxh4 Kg6 55. Rc4 Kf5 56. g4+ Kg6 57. f4 1-0

[Event "Canadian op"]
[Site "Montreal"]
[Date "2008.07.20"]
[Round "2"]
[White "Jiang, Louie"]
[Black "Yap, Nicolas A"]
[Result "1-0"]
[WhiteElo "2135"]
[BlackElo "2279"]
[PlyCount "143"]
[EventDate "2008.07.19"]
[EventType "swiss"]
[EventRounds "9"]
[EventCountry "CAN"]
[SourceTitle "EXT 2009"]
[Source "ChessBase"]
[SourceDate "2008.11.26"]
[SourceVersion "1"]
[SourceVersionDate "2008.11.26"]
[SourceQuality "1"]

1. e4 c5 2. Nf3 d6 3. d4 cxd4 4. Nxd4 Nf6 5. Nc3 a6 6. Be3 e5 7. Nf3 Be7 8. Bc4 0-0 9. 0-0 Be6 10. Bb3 Nc6 11. Bg5 Nd7 12. Bxe7 Qxe7 13. Nd5 Qd8 14. c3 Na5 15. Re1 Rc8 16. h3 b5 17. Re2 Nc5 18. Nd2 Kh8 19. Nf1 Nc4 20. Nfe3 Nxe3 21. Rxe3 a5 22. Bc2 Bxd5 23. Qxd5 Qb6 24. Rd1 Rcd8 25. Rf3 Ne6 26. Qd2 b4 27. Rd3 bxc3 28. bxc3 Qc7 29. Rxd6 Rc8 30. Bb3 Nc5 31. Bc2 Ne6 32. Rd3 Nf4 33. Re3 Qe7 34. Bb3 Rfd8 35. Qe1 Rf8 36. Qf1 Qa7 37. g3 Ng6 38. Qb5 Rb8 39. Qd7 Rb7 40. Qd5 Rc7 41. Ba4 Qb6 42. Qd6 Qa7 43. Bb5 Rcc8 44. a4 f6 45. Qa3 Qb6 46. Rd6 Qb8 47. c4 Ne7 48. Re6 Ng8 49. c5 f5 50. exf5 Rxf5 51. c6 Qc7 52. Qc5 Rcf8 53. R3xe5 Rxf2 54. Qxf2 Rxf2 55. Kxf2 g6 56. Kg2 Kg7 57. Rd5 Kh6 58. Rd7 Qb6 59. Re2 Nf6 60. Rdd2 Qc7 61. Re3 Qb6 62. Re7 Qc5 63. c7 Nd5 64. Re5 Qxc7 65. Rexd5 Qc3 66. Rd7 Qb4 67. Kh2 Qc5 68. R7d5 Qb4 69. R5d4 Qc3 70. Bf1 Qa1 71. Rh4+ Kg7 72. Rd7+ 1-0

[Event "Canadian op"]
[Site "Montreal"]
[Date "2008.07.19"]
[Round "1"]
[White "Yap, Nicolas A"]
[Black "Bluvshtein, Mark"]
[Result "0-1"]
[WhiteElo "2279"]
[BlackElo "2548"]
[PlyCount "90"]
[EventDate "2008.07.19"]
[EventType "swiss"]
[EventRounds "9"]
[EventCountry "CAN"]
[SourceTitle "EXT 2009"]
[Source "ChessBase"]
[SourceDate "2008.11.26"]
[SourceVersion "1"]
[SourceVersionDate "2008.11.26"]
[SourceQuality "1"]

1. e4 c5 2. Nf3 d6 3. d4 cxd4 4. Nxd4 Nf6 5. Nc3 Nc6 6. Bg5 e6 7. Qd2 a6 8. 0-0-0 Bd7 9. f3 b5 10. Kb1 Be7 11. h4 Ne5 12. Bd3 h6 13. Be3 h5 14. Bg5 Qb6 15. Nce2 Nc4 16. Bxc4 bxc4 17. Ka1 Rb8 18. Rb1 Qc5 19. Nc3 Ng8 20. Bxe7 Nxe7 21. f4 0-0 22. Rhe1 e5 23. Nf3 exf4 24. Qxf4 Bg4 25. Red1 Rfd8 26. Nd5 Ng6 27. Qg3 Re8 28. Nc3 Bxf3 29. gxf3 Qe5 30. Qf2 Qf6 31. Rh1 Ne5 32. Rhf1 Ng6 33. Rh1 Nf4 34. Qd2 Rb6 35. Qf2 Reb8 36. Rhd1 R6b7 37. Qd2 Ne6 38. Qxd6 Qxf3 39. Qe5 Qf2 40. Qxh5 Nd4 41. Rxd4 Qxd4 42. Rd1 Qf2 43. Nd5 Rxb2 44. Ne7+ Kf8 45. Nf5 Rxa2+ 0-1

[Event "North American op 17th"]
[Site "Las Vegas"]
[Date "2007.12.27"]
[Round "3"]
[White "Yap, Nicolas A"]
[Black "Mitkov, Nikola"]
[Result "1/2-1/2"]
[WhiteElo "2292"]
[BlackElo "2528"]
[PlyCount "92"]
[EventDate "2007.12.26"]
[EventType "swiss"]
[EventRounds "7"]
[EventCountry "USA"]
[SourceTitle "CBM 121 Extra"]
[Source "ChessBase"]
[SourceDate "2008.01.10"]
[SourceVersion "1"]
[SourceVersionDate "2008.01.10"]
[SourceQuality "1"]

1. e4 e5 2. Nf3 Nc6 3. Bb5 Nf6 4. 0-0 Nxe4 5. d4 Nd6 6. Bxc6 dxc6 7. dxe5 Nf5 8. Qxd8+ Kxd8 9. Nc3 Bd7 10. b3 h6 11. Bb2 Kc8 12. Rfd1 b6 13. h3 Ne7 14. Ne2 Ng6 15. c4 c5 16. Nc3 Be6 17. Rd2 Kb7 18. Rad1 Ne7 19. Ne2 g5 20. Ng3 Nc6 21. Bc3 a6 22. Nf1 Bg7 23. g4 Rae8 24. Ng3 Bf8 25. Nh5 Kc8 26. Kg2 Rd8 27. Rxd8+ Nxd8 28. Nf6 Nc6 29. Kg3 b5 30. Nd5 Bg7 31. Ne3 Re8 32. h4 gxh4+ 33. Kxh4 Ne7 34. Kg3 Rg8 35. Nh4 Bf8 36. Kf3 h5 37. gxh5 Bh6 38. Nhg2 Nf5 39. Nxf5 Bxf5 40. Ne3 Be6 41. Ke2 bxc4 42. bxc4 Kb7 43. Rf1 Rg5 44. Rh1 Rg8 45. Rf1 Rg5 46. Rh1 Rg8 1/2-1/2

[Event "World op 35th"]
[Site "Philadelphia"]
[Date "2007.06.30"]
[Round "2"]
[White "Carroll, William"]
[Black "Yap, Nicolas A"]
[Result "0-1"]
[WhiteElo "2038"]
[BlackElo "2298"]
[PlyCount "90"]
[EventDate "2007.06.30"]
[EventType "swiss"]
[EventRounds "9"]
[EventCountry "USA"]
[SourceTitle "CBM 119 Extra"]
[Source "ChessBase"]
[SourceDate "2007.09.04"]
[SourceVersion "1"]
[SourceVersionDate "2007.09.04"]
[SourceQuality "1"]

1. e4 c5 2. c3 e6 3. d4 d5 4. exd5 exd5 5. Bb5+ Nc6 6. Qe2+ Be6 7. Be3 cxd4 8. Bxd4 a6 9. Bxc6+ bxc6 10. Nf3 h6 11. Nbd2 c5 12. Be3 Bd6 13. Nb3 Qc7 14. 0-0 Nf6 15. h3 0-0 16. Rad1 Ne4 17. Nfd2 f5 18. Nxe4 fxe4 19. f3 exf3 20. Rxf3 Rxf3 21. Qxf3 Re8 22. Qf2 Rf8 23. Qe2 Qe7 24. Re1 Bf5 25. Bf2 Be4 26. c4 Qe5 27. g3 Rf3 28. Qxf3 Bxf3 29. Rxe5 Bxe5 30. Nd2 Be2 31. Bxc5 dxc4 32. Kf2 Bd3 33. Ba3 Kf7 34. Nf3 Bf6 35. Ke3 Bb1 36. Kd2 Bxa2 37. Ng1 Bb1 38. Ne2 Bf5 39. h4 Bg4 40. Nf4 Bd4 41. Ne2 Be5 42. Nf4 g5 43. hxg5 hxg5 44. Ke3 gxf4+ 45. gxf4 Bf6 0-1

[Event "North American op 16th"]
[Site "Las Vegas"]
[Date "2006.12.28"]
[Round "4"]
[White "Yap, Nicolas A"]
[Black "Khachiyan, Melikset"]
[Result "1/2-1/2"]
[WhiteElo "2280"]
[BlackElo "2539"]
[PlyCount "40"]
[EventDate "2006.12.26"]
[EventType "swiss"]
[EventRounds "9"]
[EventCountry "USA"]
[SourceTitle "CBM 116 Extra"]
[Source "ChessBase"]
[SourceDate "2007.03.07"]
[SourceVersion "1"]
[SourceVersionDate "2007.03.07"]
[SourceQuality "1"]

1. e4 c5 2. Nf3 Nc6 3. d4 cxd4 4. Nxd4 g6 5. c4 Bg7 6. Be3 Nf6 7. Nc3 Ng4 8. Qxg4 Nxd4 9. Qd1 Ne6 10. Rc1 Qa5 11. Qd2 d6 12. Bd3 b6 13. 0-0 Bb7 14. Bb1 0-0 15. b3 f5 16. exf5 gxf5 17. f4 Nc5 18. Rfd1 Rad8 19. Nb5 Qxd2 20. Rxd2 a6 1/2-1/2

[Event "California State-ch"]
[Site "San Jose"]
[Date "2006.05.21"]
[Round "4"]
[White "Yap, Nicolas A"]
[Black "Naroditsky, Daniel"]
[Result "1/2-1/2"]
[WhiteElo "2262"]
[BlackElo "2003"]
[PlyCount "74"]
[EventDate "2006.04.20"]
[EventType "swiss"]
[EventRounds "6"]
[EventCountry "USA"]
[SourceTitle "EXT 2009"]
[Source "ChessBase"]
[SourceDate "2008.11.26"]
[SourceVersion "1"]
[SourceVersionDate "2008.11.26"]
[SourceQuality "1"]

1. e4 c5 2. Nf3 d6 3. d4 cxd4 4. Nxd4 Nf6 5. Nc3 a6 6. f3 e5 7. Nb3 Be6 8. Be3 Nbd7 9. g4 b5 10. g5 b4 11. Nd5 Nxd5 12. exd5 Bf5 13. Bd3 Bxd3 14. Qxd3 a5 15. h4 a4 16. Nd2 Qc7 17. Ne4 Rc8 18. 0-0-0 Be7 19. h5 f5 20. gxf6 Nxf6 21. Ng5 Qc4 22. Qxc4 Rxc4 23. Rd3 h6 24. Ne6 Kf7 25. Bd2 Rhc8 26. Kb1 Nxd5 27. Nxg7 Nf4 28. b3 axb3 29. axb3 Rxc2 30. Bxf4 Kxg7 31. Rg1+ Kh7 32. Bd2 e4 33. fxe4 Bf6 34. Bc1 R2c3 35. Rxd6 Rxb3+ 36. Ka2 Rxc1 37. Kxb3 Rxg1 1/2-1/2

[Event "California State-ch"]
[Site "San Jose"]
[Date "2006.05.20"]
[Round "3"]
[White "Jasthi, Sreekar"]
[Black "Yap, Nicolas A"]
[Result "0-1"]
[WhiteElo "1794"]
[BlackElo "2262"]
[PlyCount "98"]
[EventDate "2006.04.20"]
[EventType "swiss"]
[EventRounds "6"]
[EventCountry "USA"]
[SourceTitle "EXT 2009"]
[Source "ChessBase"]
[SourceDate "2008.11.26"]
[SourceVersion "1"]
[SourceVersionDate "2008.11.26"]
[SourceQuality "1"]

1. e4 c5 2. Nf3 d6 3. d4 cxd4 4. Nxd4 Nf6 5. Nc3 a6 6. Bc4 e6 7. Be3 b5 8. Bb3 Bb7 9. f3 Nbd7 10. a3 Rc8 11. 0-0 Ne5 12. Qe1 Nc4 13. Bxc4 Rxc4 14. Rd1 Qc7 15. Rd3 Qb8 16. Nb3 Be7 17. Qg3 0-0 18. Na5 Rcc8 19. Nxb7 Qxb7 20. Bg5 b4 21. Bxf6 Bxf6 22. axb4 Qxb4 23. Qf2 Bxc3 24. Rxc3 Rxc3 25. bxc3 Qxc3 26. Rd1 Qc6 27. Qd4 Qxc2 28. Qxd6 a5 29. Qd4 a4 30. Rd2 Qc1+ 31. Rd1 Qc6 32. Ra1 Ra8 33. Qb2 a3 34. Qb3 Qd6 35. Ra2 h6 36. h3 Ra5 37. Qc3 Ra8 38. Qb3 Qa6 39. Kh2 Qa4 40. Qxa4 Rxa4 41. Kg3 Kf8 42. Kf4 Ke7 43. Ke3 Kd6 44. Kd3 Kc5 45. Kc3 Ra7 46. g4 g5 47. Kb3 Kd4 48. Rxa3 Rxa3+ 49. Kxa3 Ke3 0-1

[Event "USA tt"]
[Site "ICC INT"]
[Date "2005.10.19"]
[Round "8"]
[White "Baczynskyj, Boris"]
[Black "Yap, Nicolas A"]
[Result "1-0"]
[WhiteElo "2234"]
[BlackElo "2226"]
[PlyCount "79"]
[EventDate "2005.10.05"]
[EventType "team"]
[EventRounds "10"]
[EventCountry "USA"]
[SourceTitle "CBM 108 Extra"]
[Source "ChessBase"]
[SourceDate "2005.11.04"]
[SourceVersion "1"]
[SourceVersionDate "2005.11.04"]
[SourceQuality "1"]

1. e4 c5 2. Nf3 Nc6 3. d4 cxd4 4. Nxd4 Nf6 5. Nc3 e5 6. Ndb5 d6 7. Nd5 Nxd5 8. exd5 Nb8 9. c4 Be7 10. Be2 0-0 11. 0-0 a6 12. Nc3 f5 13. Kh1 Nd7 14. f3 Bg5 15. b4 a5 16. a3 axb4 17. Bxg5 Qxg5 18. axb4 Rxa1 19. Qxa1 Qe3 20. Qc1 Qb6 21. Nb5 Rf6 22. Qa3 g5 23. c5 dxc5 24. bxc5 Qxc5 25. Rc1 Qf8 26. Qc3 Nb6 27. Qxe5 Bd7 28. Rc7 Bxb5 29. Bxb5 Qd6 30. Qe8+ Qf8 31. Qe3 Kh8 32. Qd4 Qd6 33. Rxb7 Nxd5 34. Rd7 Qb4 35. Qa1 Nc3 36. Bf1 Kg8 37. Qa7 Qh4 38. Rg7+ Kh8 39. Rc7 Qb4 40. Rxh7+ 1-0

[Event "Wch U16"]
[Site "Belfort"]
[Date "2005.07.21"]
[Round "3"]
[White "Yap, Nicolas A"]
[Black "Warakomski, Tomasz"]
[Result "0-1"]
[WhiteElo "2258"]
[BlackElo "2375"]
[PlyCount "112"]
[EventDate "2005.07.19"]
[EventType "swiss"]
[EventRounds "11"]
[EventCountry "FRA"]
[SourceTitle "CBM 107 Extra"]
[Source "ChessBase"]
[SourceDate "2005.09.01"]
[SourceVersion "1"]
[SourceVersionDate "2005.09.01"]
[SourceQuality "1"]

1. e4 e5 2. Nf3 Nc6 3. Bb5 a6 4. Ba4 Nf6 5. Bxc6 dxc6 6. d3 Bd6 7. Nbd2 Bg4 8. h3 Bh5 9. Nc4 Nd7 10. Qe2 f6 11. Bd2 b6 12. 0-0-0 c5 13. g4 Bf7 14. Kb1 Nf8 15. Ne3 Ne6 16. Nf5 Qd7 17. g5 Bh5 18. gxf6 Rf8 19. Rdg1 Rxf6 20. Qe3 g6 21. Nxd6+ cxd6 22. Ng5 Nd4 23. h4 0-0-0 24. c3 Ne2 25. Re1 Nf4 26. Qg3 Rdf8 27. d4 c4 28. Bxf4 Rxf4 29. Qe3 Kb7 30. dxe5 dxe5 31. f3 h6 32. Nh3 Rxh4 33. Rd1 Qe7 34. Rdf1 g5 35. Qe2 Qe6 36. Qg2 Qf7 37. Qg3 Bxf3 38. Kc1 Rxe4 39. Rh2 g4 40. Ng1 h5 41. Nxf3 gxf3 42. Qg5 Qf4+ 43. Qxf4 Rfxf4 44. Rxh5 Re2 45. Rh6 f2 46. Rhh1 e4 47. Kb1 e3 48. Kc1 Kc6 49. Kb1 Kd5 50. Kc1 Ke4 51. Kb1 Rd2 52. Kc1 Kf3 53. a3 Ke2 54. a4 Rd5 55. Kc2 Rg4 56. Kc1 Rdg5 0-1

[Event "San Francisco Franett Memorial"]
[Site "San Francisco"]
[Date "2005.01.12"]
[Round "11"]
[White "Yap, Nicolas A"]
[Black "Thornally, Frank"]
[Result "1-0"]
[WhiteElo "2189"]
[BlackElo "2261"]
[PlyCount "77"]
[EventDate "2005.01.02"]
[EventType "tourn"]
[EventRounds "11"]
[EventCountry "USA"]
[EventCategory "3"]
[SourceTitle "CBM 104 Extra"]
[Source "ChessBase"]
[SourceDate "2005.03.01"]
[SourceVersion "1"]
[SourceVersionDate "2005.03.01"]
[SourceQuality "1"]

1. e4 e5 2. Nf3 Nc6 3. Bb5 a6 4. Ba4 Nf6 5. Bxc6 dxc6 6. d3 Bd6 7. Nbd2 Be6 8. Nf1 Nd7 9. Ng3 h6 10. 0-0 0-0 11. b3 Qe7 12. Bb2 Ba3 13. Qc1 Bxb2 14. Qxb2 Qf6 15. d4 Bg4 16. Nxe5 Nxe5 17. dxe5 Qf4 18. f3 Be6 19. Qc3 Rad8 20. Rad1 Rfe8 21. Ne2 Qg5 22. f4 Qh5 23. Qe3 Bg4 24. Rxd8 Rxd8 25. Ng3 Qh4 26. h3 Bc8 27. Kh2 b6 28. Rf2 g6 29. Rd2 Re8 30. Qf3 Kf8 31. Rf2 c5 32. Rf1 Bb7 33. Qc3 Rd8 34. e6 Rd4 35. exf7 Kxf7 36. Qe3 Qe7 37. f5 gxf5 38. Rxf5+ Kg7 39. Qf4 1-0

[Event "San Francisco Franett Memorial"]
[Site "San Francisco"]
[Date "2005.01.11"]
[Round "10"]
[White "Baginskaite, Camilla"]
[Black "Yap, Nicolas A"]
[Result "0-1"]
[WhiteElo "2336"]
[BlackElo "2189"]
[PlyCount "120"]
[EventDate "2005.01.02"]
[EventType "tourn"]
[EventRounds "11"]
[EventCountry "USA"]
[EventCategory "3"]
[SourceTitle "CBM 104 Extra"]
[Source "ChessBase"]
[SourceDate "2005.03.01"]
[SourceVersion "1"]
[SourceVersionDate "2005.03.01"]
[SourceQuality "1"]

1. d4 Nf6 2. c4 g6 3. g3 Bg7 4. Bg2 d6 5. Nf3 0-0 6. Nc3 Nbd7 7. 0-0 e5 8. e4 exd4 9. Nxd4 Re8 10. h3 a6 11. Re1 Rb8 12. a4 Ne5 13. b3 c5 14. Nc2 Nc6 15. Rb1 Be6 16. Bb2 h5 17. f4 Nh7 18. Kh2 h4 19. g4 Qa5 20. Qf3 g5 21. f5 Ne5 22. Qd1 Bxc4 23. Ne3 Bd3 24. Ra1 c4 25. Ncd5 cxb3 26. Qxb3 Qd2 27. Red1 Qe2 28. Ra2 Bc4 29. Nxc4 Qxc4 30. Qxc4 Nxc4 31. Bxg7 Kxg7 32. a5 Rbc8 33. Rb1 Rb8 34. Bf1 Rec8 35. Rc1 Ne5 36. Rac2 Rxc2+ 37. Rxc2 Nf6 38. Nb6 Nxe4 39. Rc7 Nc5 40. Nc4 Nxc4 41. Bxc4 Rf8 42. Bd5 Kf6 43. Kg2 Ke5 44. Bxf7 Rd8 45. Be6 Nxe6 46. Re7 d5 47. Rxe6+ Kf4 48. f6 Rf8 49. Rb6 Rf7 50. Rb4+ Ke3 51. Rb3+ Ke4 52. Rf3 d4 53. Kf2 d3 54. Re3+ Kd4 55. Re6 Kc3 56. Ke3 d2 57. Rd6 Rxf6 58. Rd3+ Kc4 59. Rxd2 Re6+ 60. Kf3 Re1 0-1

[Event "San Francisco Franett Memorial"]
[Site "San Francisco"]
[Date "2005.01.05"]
[Round "4"]
[White "Yap, Nicolas A"]
[Black "Bhat, Vinay S"]
[Result "1/2-1/2"]
[WhiteElo "2189"]
[BlackElo "2410"]
[PlyCount "226"]
[EventDate "2005.01.02"]
[EventType "tourn"]
[EventRounds "11"]
[EventCountry "USA"]
[EventCategory "3"]
[SourceTitle "CBM 104 Extra"]
[Source "ChessBase"]
[SourceDate "2005.03.01"]
[SourceVersion "1"]
[SourceVersionDate "2005.03.01"]
[SourceQuality "1"]

1. e4 e6 2. d4 d5 3. Nd2 Nf6 4. e5 Nfd7 5. Bd3 c5 6. c3 Nc6 7. Ne2 cxd4 8. cxd4 f6 9. exf6 Nxf6 10. 0-0 Bd6 11. Nf3 Qc7 12. Bg5 0-0 13. Rc1 h6 14. Bd2 Ne4 15. Be3 a6 16. Ng3 Nf6 17. Bb1 g5 18. Qd3 Qg7 19. Rfe1 Bd7 20. Bd2 Qh7 21. Qe2 Qg7 22. Bc3 Nd8 23. Ne5 Be8 24. Qd2 Nd7 25. Nxd7 Qxd7 26. Rcd1 Rf4 27. Bb4 Bxb4 28. Qxb4 Rc8 29. Qd2 Nc6 30. Ne2 Rf6 31. f4 Qg7 32. Rc1 Bh5 33. Ng3 Bf7 34. f5 Re8 35. Rcd1 Qf8 36. Rf1 Qb4 37. fxe6 Rxf1+ 38. Nxf1 Rxe6 39. Qxb4 Nxb4 40. Kf2 Bh5 41. Rd2 Rf6+ 42. Kg1 Nc6 43. Ne3 Re6 44. Kf2 Rf6+ 45. Kg1 Re6 46. Kf2 Rf6+ 47. Kg1 Bf7 48. g3 h5 49. a3 Rf3 50. Nd1 Kf8 51. Nc3 Ke7 52. Bc2 Kd6 53. Bd1 Rf6 54. Bb3 Rf3 55. Bd1 Rf6 56. Bb3 Be6 57. Bd1 h4 58. Be2 Bh3 59. Rd1 Be6 60. Rd2 Bh3 61. Rd1 Bd7 62. Rd2 Ne7 63. Bd3 Nc6 64. Be2 Rf8 65. Bd1 Bh3 66. Be2 Ne7 67. Rd3 Bd7 68. Rd2 Nf5 69. gxh4 gxh4 70. Bf3 Ne3 71. Be2 Bg4 72. Bd3 Bh3 73. Be2 Be6 74. Nd1 Nf5 75. Bf1 Nh6 76. Ne3 Rf4 77. Be2 Re4 78. Kf2 Rf4+ 79. Ke1 Nf7 80. Ng2 Re4 81. Kf2 h3 82. Ne1 Nh6 83. Bf3 Rh4 84. Nc2 Rf4 85. Ke3 Rf8 86. Be2 Bg4 87. Ne1 Rf6 88. Bd3 Bh5 89. Be2 Be8 90. Bf3 Nf5+ 91. Kd3 Bb5+ 92. Kc3 Bd7 93. Bg4 Nh6 94. Bxd7 Kxd7 95. Rd3 Rc6+ 96. Kd2 Nf5 97. Rxh3 Rg6 98. Nf3 Rg2+ 99. Kc3 Kc7 100. Ne5 Kb6 101. Rh7 Ne3 102. b3 Nd1+ 103. Kd3 Nb2+ 104. Ke3 Nd1+ 105. Kf4 Rd2 106. Nd7+ Kc6 107. Ne5+ Kb6 108. Nf3 Rd3 109. h4 Nf2 110. h5 Nh3+ 111. Kg4 Nf2+ 112. Kf4 Nh3+ 113. Kg4 Nf2+ 1/2-1/2

[Event "San Francisco Franett Memorial"]
[Site "San Francisco"]
[Date "2005.01.04"]
[Round "3"]
[White "Batchimeg, Tuvshintugs"]
[Black "Yap, Nicolas A"]
[Result "0-1"]
[WhiteElo "2205"]
[BlackElo "2189"]
[PlyCount "109"]
[EventDate "2005.01.02"]
[EventType "tourn"]
[EventRounds "11"]
[EventCountry "USA"]
[EventCategory "3"]
[SourceTitle "CBM 104 Extra"]
[Source "ChessBase"]
[SourceDate "2005.03.01"]
[SourceVersion "1"]
[SourceVersionDate "2005.03.01"]
[SourceQuality "1"]

1. e4 c5 2. Nf3 d6 3. d4 cxd4 4. Nxd4 Nf6 5. Nc3 a6 6. Bg5 e6 7. Qd2 h6 8. Bh4 Nxe4 9. Qf4 Nf6 10. Ne4 Be7 11. Nxf6+ gxf6 12. Qf3 Nd7 13. 0-0-0 Ne5 14. Qb3 Qc7 15. f4 Ng6 16. Bg3 f5 17. Be2 Bd7 18. Bh5 Rg8 19. Rhe1 Rc8 20. Re2 Kf8 21. h3 d5 22. Bxg6 Rxg6 23. Bh2 Bd6 24. Qf3 a5 25. Rd3 a4 26. Rc3 Qb6 27. Rxc8+ Bxc8 28. Qc3 Qc5 29. Qe3 Qc4 30. Kb1 Rxg2 31. b3 Rxe2 32. Nxe2 Qb5 33. Bg3 Ke8 34. Kb2 axb3 35. axb3 Kd7 36. Bh4 Qc5 37. Qd3 b6 38. Bf6 Qa3+ 39. Kb1 Ba6 40. Qe3 Qa5 41. Nc3 Qb4 42. Na4 Bxf4 43. Nxb6+ Kc6 44. Nxd5 Kxd5 45. c4+ Kc6 46. Qf3+ Kd7 47. Qxf4 Qxb3+ 48. Bb2 Bxc4 49. Qd2+ Qd3+ 50. Kc1 Qxd2+ 51. Kxd2 Kd6 52. Bg7 h5 53. Ke3 e5 54. Kf3 Ke6 55. Bh6 0-1

[Event "San Francisco MI"]
[Site "San Francisco"]
[Date "2004.08.03"]
[Round "9"]
[White "Yap, Nicolas A"]
[Black "Wong, Russell"]
[Result "0-1"]
[WhiteElo "2191"]
[BlackElo "2142"]
[PlyCount "90"]
[EventDate "2004.07.21"]
[EventType "tourn"]
[EventRounds "11"]
[EventCountry "USA"]
[SourceTitle "EXT 2006"]
[Source "ChessBase"]
[SourceDate "2005.11.24"]
[SourceVersion "1"]
[SourceVersionDate "2005.11.24"]
[SourceQuality "1"]

1. d4 Nf6 2. Bg5 Ne4 3. Bf4 d5 4. f3 Nf6 5. e4 dxe4 6. Nc3 exf3 7. Nxf3 c6 8. Bc4 e6 9. Qe2 Be7 10. 0-0-0 Nd5 11. Bd2 Nd7 12. Ne4 N7f6 13. h4 Qc7 14. Ne5 Nxe4 15. Qxe4 f6 16. Nf3 Bd7 17. g4 0-0-0 18. h5 Rhe8 19. Qxh7 e5 20. Qg6 e4 21. Bxd5 cxd5 22. Nh4 Bd6 23. Nf5 Bf4 24. Rhe1 Bxd2+ 25. Rxd2 Qf4 26. Nxg7 Rg8 27. h6 Bxg4 28. h7 Rh8 29. Nh5 Qg5 30. Qxg5 fxg5 31. Nf6 Bf3 32. Ng4 Rxh7 33. Ne3 g4 34. b3 Rh5 35. c4 dxc4 36. bxc4 Rdh8 37. d5 Rh1 38. Rxh1 Rxh1+ 39. Kc2 g3 40. d6 Rh2 41. c5 Rxd2+ 42. Kxd2 g2 43. Nxg2 Bxg2 44. Ke3 Kd7 45. a4 b6 0-1

[Event "San Francisco MI"]
[Site "San Francisco"]
[Date "2004.??.??"]
[Round "11"]
[White "Yap, Nicolas A"]
[Black "Lee, Andy C"]
[Result "0-1"]
[WhiteElo "2191"]
[BlackElo "2215"]
[PlyCount "114"]
[EventDate "2004.07.21"]
[EventType "tourn"]
[EventRounds "11"]
[EventCountry "USA"]
[SourceTitle "EXT 2006"]
[Source "ChessBase"]
[SourceDate "2005.11.24"]
[SourceVersion "1"]
[SourceVersionDate "2005.11.24"]
[SourceQuality "1"]

1. e4 e6 2. d4 d5 3. Nd2 Be7 4. e5 c5 5. Qg4 Kf8 6. Ngf3 h5 7. Qh3 Nc6 8. dxc5 Qc7 9. Nb3 Nxe5 10. Nxe5 Qxe5+ 11. Qe3 Qxe3+ 12. Bxe3 e5 13. f4 e4 14. 0-0-0 Nf6 15. c4 Bg4 16. Rd2 Rd8 17. h3 Be6 18. Nd4 g6 19. c6 b6 20. Nb5 Bc5 21. Bxc5+ bxc5 22. cxd5 Nxd5 23. Bc4 Ke7 24. Re1 f5 25. g3 Nc7 26. Bxe6 Nxb5 27. Bd7 Nd4 28. Re3 a5 29. Ra3 Ra8 30. Rc3 Kd6 31. Kd1 Ra7 32. Ke1 Kc7 33. Kf2 Kb6 34. a3 a4 35. c7 Rxc7 36. Bxa4 h4 37. b4 cxb4 38. Rxc7 Kxc7 39. Rxd4 bxa3 40. Rc4+ Kd6 41. Rc3 a2 42. Ra3 Rc8 43. Rxa2 Rc3 44. Be8 Rf3+ 45. Ke2 hxg3 46. Ra1 Rxf4 47. Rg1 Rf3 48. Bxg6 Ke5 49. h4 Rf2+ 50. Ke1 f4 51. h5 Rh2 52. Kf1 Kd4 53. Rg2 e3 54. Rg1 f3 55. Rxg3 Rh1+ 56. Rg1 e2+ 57. Kf2 Rxg1 0-1

[Event "San Francisco MI"]
[Site "San Francisco"]
[Date "2004.??.??"]
[Round "4"]
[White "Yap, Nicolas A"]
[Black "Perepelitsky, Philipp"]
[Result "1-0"]
[WhiteElo "2191"]
[BlackElo "2000"]
[PlyCount "49"]
[EventDate "2004.07.21"]
[EventType "tourn"]
[EventRounds "11"]
[EventCountry "USA"]
[SourceTitle "EXT 2006"]
[Source "ChessBase"]
[SourceDate "2005.11.24"]
[SourceVersion "1"]
[SourceVersionDate "2005.11.24"]
[SourceQuality "1"]

1. e4 d6 2. d4 Nf6 3. Nc3 g6 4. Be3 c6 5. Nf3 Nbd7 6. Qd2 b5 7. Bd3 Bb7 8. e5 Ng4 9. exd6 exd6 10. 0-0 Be7 11. Bf4 0-0 12. Rfe1 a6 13. Re2 Ngf6 14. Rae1 Re8 15. h3 c5 16. dxc5 Bxf3 17. gxf3 Nxc5 18. Be4 Rc8 19. Nd5 Nxd5 20. Bxd5 Qd7 21. Qd4 Bf8 22. Qf6 Ne6 23. Rxe6 fxe6 24. Rxe6 Qf7 25. Rxe8 1-0